000 00607nam a22001575i 4500
001 164626
003 ES-MaACL
005 20230906212955.0
008 950206s1877 sp |||| | spa d
040 _aCLM
_bspa
_cCCPB | PA2
100 1 _aSánchez-Arjona, José.
_9133051
245 1 0 _aCantos y cuentos
_b: poesías /
_cJosé Sánchez-Arjona.
260 _aSevilla :
_bImp. de Gironés y Orduña, Editores,
_c1877.
300 _a480 p. ;
_c19 cm.
852 _aES-MaACL
_jG-12099
_z-- Enc. pasta española
_z-- Dedic. ms. del autor a la biblioteca del Ateneo de Madrid
_x-- Edic.: El ejemplar tiene 180 p.
999 _c164626
_d164626